000 01271nam a22003257a 4500
001 0048787
003 KOHA_MİRAKIL
005 20260207003628.0
007 ta
008 150623b2013 tu |||gr||||#||||1|tur |
020 _a9789756355305
040 _aTR-BiSEU
_btur
_cTR-BiSEU
_erda
041 0 _atur
044 _ctu
050 _aPL216
_b.K67 2013
100 1 _aKorkmaz, Ramazan.
245 1 _aYeni Türk edebiyatı el kitabı (1839-2000)/
_cRamazan Korkmaz ; Editör Ramazan Korkmaz; yazarlar Ramazan Korkmaz, Hülya Argunşah, Ali İhsan Kolcu, Ayşenur Külahlıoğlu İslam, Cafer Gariper, Osman Gündüz, Tarık Özcan, Mustafa Apaydın, Alev Sınar, Abdullah Şengül..
250 _a8. Baskı Temmuz, 2013 / Ankara.
264 1 _aAnkara :
_bGrafiker Yayınları
_c2013
300 _a648 sayfa; 24 cm.
336 _ametin
_btxt
_2rdacontent
337 _aaracısız
_bn
_2rdamedia
338 _acilt
_bnc
_2rdacarrier
490 0 _aGrafiker Yayınları Yayın No: 16
500 _aKaynakça ve dizin var.
650 0 _aTurkish literature--19th century--History and criticism.
_949910
650 0 _aTurkish literature--20th century--History and criticism.
_910050
830 0 _aGrafiker Yayınları Yayın No: 16
_989464
942 _2lcc
_cBK
999 _c48626
_d48626